00479nam a2200145Ia 4500008004100000020001800041082001400059100004100073245002900114260001000143500001800153942000700171952014000178999001500318260604s9999 xx 000 0 und d a9780603570353 a808.3 EDW aDean International Publishing935381 0aMy Naughty Little Sister bSHREE aLittle Sister cBK 00104070aIIMVbIIMVcChildren collectiond2026-06-04g250.00l0o808.3 EDWp003802r2026-06-04 10:19:16v250.00w2026-06-04yBKBEDW c8184d8184